000 00657nam a2200253Ia 4500
001 Para_6094
003 CHAP
008 220125s1999 xx 000 0 und d
010 _a204874
040 _cCHAP
090 _aPA FOLLETO 231
100 _aMerck, E.
_974958
245 _aSorbentes Merck :
_b para cromatografía preparatoria en capa /
_c por E. Merck
260 _as.l. :
_b s.n.
300 _a6 p.
650 _aAnálisis cromatográfico
_95964
901 _aPA FOLLETO 231
902 _aA
905 _a00000019-- 0000000000 00
910 _a19--
942 _cPARA
942 _cPARA
_d1
999 _c204874
_d204874